| 000 | 00530nam a2200217Ia 4500 | ||
|---|---|---|---|
| 008 | 170918s9999 xx 000 0 und d | ||
| 020 | _a9780439452199 | ||
| 050 | _bC797 2003 | ||
| 100 | _aCorey, Shana | ||
| 245 | _aTera, star student / | ||
| 245 | _cShana Corey ; pictures by Mark Teague. | ||
| 260 | _aNew York : | ||
| 260 | _bScholastic, | ||
| 260 | _c2003 | ||
| 300 | _aunpaged : | ||
| 300 | _bcolored illustration ; | ||
| 300 | _c23cm. | ||
| 440 | _aFirst graders from Mars ; | ||
| 440 | _v4 | ||
| 500 | _a170 | ||
| 999 |
_c342525 _d342525 |
||